| 000 | 00568nam a2200229Ia 4500 | ||
|---|---|---|---|
| 008 | 171025s9999 xx 000 0 und d | ||
| 020 | _a1572154527 | ||
| 050 | _a641.5 | ||
| 050 | _bI615 2006 | ||
| 245 | _aInternational cuisine : | ||
| 245 | _bchicken & seafood / | ||
| 260 | _aNorth Dighton, MA : | ||
| 260 | _bJG Press, | ||
| 260 | _c2006 | ||
| 300 | _a128 pages : | ||
| 300 | _bcolored illustrations ; | ||
| 300 | _c26cm. | ||
| 500 | _aIncludes index. | ||
| 650 | _aCooking (Chicken). | ||
| 650 | _aCooking (Meat). | ||
| 650 | _aCooking (Seafood). | ||
| 999 |
_c344736 _d344736 |
||